Movies Quiz

Random Movies Quiz

Credit Where Credit is Due Quiz Stats

Quiz Updated Jan 14, 2014

Challenge
Share
Tweet
Score 0/18 Timer 05:00
4 Plays Today
% Correct
Harry Potter and the Prisoner of Azkaban
92.2%
The Lord of the Rings: The Return of the King
87.8%
A Beautiful Mind
80.4%
The Pink Panther
78.9%
Iron Man
78.6%
WALL-E
78.3%
Sherlock Holmes
77.8%
Halloween
77.8%
Catch Me If You Can
74.6%
% Correct
Spider-Man 2
69.1%
Superbad
61.1%
Fight Club
59%
2001: A Space Odyssey
52.1%
To Kill A Mockingbird
51%
Dr. Strangelove or: How I Learned to Stop Worrying and Love the Bomb
41.9%
Monty Python and the Holy Grail
36.8%
Goldfinger
34.5%
Kiss Kiss Bang Bang
13.4%

You're not logged in!

Compare scores with friends on all Sporcle quizzes.
Join for Free
OR
Log In

You Might Also Like...

Show Comments

Extras

Top Quizzes Today


Score Distribution

Your Account Isn't Verified!

In order to create a playlist on Sporcle, you need to verify the email address you used during registration. Go to your Sporcle Settings to finish the process.

Report this User

Report this user for behavior that violates our Community Guidelines.

Details: